MDQL
is popping MORE tags! Check the
thread
!
Quizzes
Events
Quiz Creation
Community
Videos
Private Events
Remove Ads
Sign In
Join for FREE
Feedback
Dark Mode
Quiz Categories
Sports
Geography
Music
Movies
Television
Just For Fun
Miscellaneous
History
Literature
Language
Science
Gaming
Entertainment
Religion
Holiday
For Kids
Quiz Lab
Recent
Popular Today
Quiz Kudos Today
Editor Picks
Curator Picks
Quizzes by...
Day
Popularity
Type
Ratings
Length
Year
Community
Subscriptions
Recent Discussions
Orange Saloon
Badges
Playlists
Quests
Create
Leaderboards
Showdown
Live 5
Trivia Bingo
Activity
Puzzle Library
Sporcle Events
Private Events
Virtual Trivia
Globe League
Become a Host
Pub Owners
SporcleCon
Opinionation
Our Games
Videos
Blog
Mobile Apps
Partnerships
Remove Ads and Go Orange
Feedback
Sports
Athletes
MLB
NBA
NHL
NFL
Soccer
Sports Teams
WWE
NCAA
Football
Premier League
Basketball
Baseball
Hockey
Golf
Tennis
Cricket
Rugby
Auto Racing
Olympics
World Cup
Sports
Athletes
MLB
NBA
NHL
NFL
Soccer
Sports Teams
WWE
NCAA
Football
Premier League
Basketball
Baseball
Hockey
Golf
Tennis
Cricket
Rugby
Auto Racing
Olympics
World Cup
Random Quiz
Search Sporcle
×
Quiz Lab
Quiz Lab
Sports
autosport
Type in answers that appear in a list
Type in answers that appear in a list
Classic
Best Score? Go Orange.
F1 drivers raced for the most different constructors Stats
Can you name the teams of the F1 drivers who raced for the most different constructors?
By
gellerfigergo
10m
106 Questions
298 Plays
298 Plays
298 Plays
Comments
Comments
Give Quiz Kudos
Give Quiz Kudos
-
- Ratings
hide this ad
Random Order
Randomize order of answers
Randomize order of answers
Replay
Link that replays current quiz
Next Quiz
Link to next quiz in quiz playlist
You Got
0%
They Got
Avg Score
73%
Avg Friend Score
Upgrade to see
Score Distribution
Jump to the score distribution portion of the page
Score
0/106
Timer
10:00
0
Plays Today
Driver
Team
% Correct
Chris Amon
Ferrari
99.7%
Maurice Trintignant
Ferrari
99.7%
Stefan Johansson
Ferrari
99.7%
Jacky Ickx
Ferrari
99.7%
John Surtees
Ferrari
99.7%
Stefan Johansson
McLaren
98.3%
Jacky Ickx
McLaren
98.3%
Andrea de Cesaris
McLaren
98.3%
Jo Bonnier
McLaren
98.3%
John Surtees
McLaren
98.3%
Martin Brundle
McLaren
98.3%
Chris Amon
Lotus
94.3%
Maurice Trintignant
Lotus
94.3%
Sir Stirling Moss
Lotus
94.3%
Jacky Ickx
Lotus
94.3%
Jo Bonnier
Lotus
94.3%
John Surtees
Lotus
94.3%
Jean-
Pierre Jarier
Lotus
94.3%
Roberto Moreno
Benetton
91.3%
Martin Brundle
Benetton
91.3%
Jacky Ickx
Williams
90.3%
Martin Brundle
Williams
90.3%
Chris Amon
Tyrrell
89.3%
Stefan Johansson
Tyrrell
89.3%
Andrea de Cesaris
Tyrrell
89.3%
Eddie Cheever
Tyrrell
89.3%
Jean-
Pierre Jarier
Tyrrell
89.3%
Martin Brundle
Tyrrell
89.3%
Jacky Ickx
Brabham
88.6%
Andrea de Cesaris
Brabham
88.6%
Jo Bonnier
Brabham
88.6%
Martin Brundle
Brabham
88.6%
Chris Amon
Cooper
86.6%
Maurice Trintignant
Cooper
86.6%
Sir Stirling Moss
Cooper
86.6%
Jacky Ickx
Cooper
86.6%
Driver
Team
% Correct
Andrea de Cesaris
Alfa Romeo
86.6%
Eddie Cheever
Alfa Romeo
86.6%
Jo Bonnier
Cooper
86.6%
John Surtees
Cooper
86.6%
Stefan Johansson
Ligier
85.6%
Jacky Ickx
Ligier
85.6%
Andrea de Cesaris
Ligier
85.6%
Eddie Cheever
Ligier
85.6%
Jean-
Pierre Jarier
Ligier
85.6%
Martin Brundle
Ligier
85.6%
Eddie Cheever
Renault
84.9%
Andrea de Cesaris
Jordan
82.9%
Roberto Moreno
Jordan
82.9%
Martin Brundle
Jordan
82.9%
Chris Amon
BRM
82.6%
Maurice Trintignant
BRM
82.6%
Sir Stirling Moss
BRM
82.6%
Jo Bonnier
BRM
82.6%
John Surtees
BRM
82.6%
Sir Stirling Moss
Mercedes
80.5%
Maurice Trintignant
Maserati
80.2%
Sir Stirling Moss
Maserati
80.2%
Jo Bonnier
Maserati
80.2%
Andrea de Cesaris
Minardi
77.9%
Roberto Moreno
Minardi
77.9%
Eddie Cheever
Arrows
75.5%
Maurice Trintignant
Vanwall
74.2%
Sir Stirling Moss
Vanwall
74.2%
Chris Amon
Matra
70.8%
Chris Amon
March
70.1%
Jean-
Pierre Jarier
March
70.1%
Jo Bonnier
Honda
69.1%
John Surtees
Honda
69.1%
John Surtees
Surtees
67.4%
Jean-
Pierre Jarier
Shadow
66.1%
Chris Amon
Lola
64.4%
Driver
Team
% Correct
Maurice Trintignant
Lola
64.4%
Eddie Cheever
Lola
64.4%
John Surtees
Lola
64.4%
Andrea de Cesaris
Sauber
60.7%
Stefan Johansson
Onyx
59.4%
Stefan Johansson
Toleman
59.4%
Jo Bonnier
Porsche
56.4%
Jean-
Pierre Jarier
ATS
56.4%
Chris Amon
Ensign
55.4%
Jacky Ickx
Ensign
55.4%
Eddie Cheever
Osella
55.4%
Jean-
Pierre Jarier
Osella
55.4%
Andrea de Cesaris
Dallara
52.7%
Roberto Moreno
AGS
52%
Martin Brundle
Zakspeed
50.7%
Eddie Cheever
Hesketh
50%
Stefan Johansson
Footwork
49.3%
Chris Amon
Amon
48.7%
Roberto Moreno
Andrea Moda
45%
Roberto Moreno
Forti
44.6%
Roberto Moreno
Coloni
44.6%
Maurice Trintignant
Gordini
42.6%
Andrea de Cesaris
Rial
41.9%
Roberto Moreno
Eurobrun
41.3%
Jean-
Pierre Jarier
Penske
41.3%
Sir Stirling Moss
HWM
34.6%
Stefan Johansson
Spirit
34.2%
Maurice Trintignant
Aston Martin
31.9%
Sir Stirling Moss
Connaught
31.2%
Maurice Trintignant
Bugatti
29.5%
Sir Stirling Moss
ERA
28.2%
Chris Amon
Tecno
27.5%
Jacky Ickx
Iso-Marlboro
24.8%
Sir Stirling Moss
Ferguson
21.1%
Quiz Playlist
Details
Report
Send in Message
Add To Playlist
Classic:
Type in answers that appear in a list
Random Order:
Randomize order of answers
Last Updated: Feb 16, 2017
Quiz Scoreboard
CHALLENGE
Sign Up to Join the Scoreboard
Show All
Scores
Hide
Comments
May contain spoilers
Recently Published
5x2 Blitz: Bands
by SL_Kpop136
Music
30s
Colored Red Africa Blitz
by spor1
Geography
30s
Find the 'City' Movie
by crazypaving
Movies
60s
More to Explore
Quiz From the Vault
Featured Blog Post
14 Easter Pick-up Lines to Find Eggs With
hide this ad
You Might Also Like...
Tags
autosport
F1 Races
Formula 1
Formula One
motorsport
race
Racing
Today's Top Quizzes in Sports
Browse Sports
hide this ad
Today's Top Quizzes in autosport
Browse autosport
Top Contributed Quizzes in Sports
1
Les entraîneurs de l'OM et du PSG au 21e siècle
2
Les meilleurs buteurs des matchs entre le PSG et l’OM
3
Les joueurs passés par le PSG et l'OM
4
Players with Multiple 50 Home Run Seasons
5
2022 World Cup Stars
6
Criteria MLB: Left Handed Sluggers
7
NBA Logic Puzzle 2.0
8
MLB Players with Two .350 Batting Average Seasons
9
Top 10 NHL Goal Scorers of All Time
10
Les joueurs passés par le LOSC et le RC Lens
Explore More
Trending Topics
NBA
Kpop
Marvel
Disney
Anime
Crossword
Harry Potter
Song
Pokémon
The Office
NFL
Country
Puzzle
WWE
Soccer
hide this ad
More By:
gellerfigergo
Quiz
Plays
Rating
Category
Featured
Created
Formula One circuits that hosted only 1 or 2 race(s)
308
5.00
Sports
Jan 27, 2015
F1 drivers raced for the most different constructors
298
3.00
Sports
Jan 28, 2015
F1 Points with different constructors
271
5.00
Sports
Jan 25, 2015
First F1 driver of the nation
240
3.67
Sports
Jan 28, 2015
Unraced Formula One cars
196
Sports
Jan 27, 2015
Go to Creator's Profile
Score Distribution
Quiz Creator Spotlight
gellerfigergo
Follow
Send a Message
Quizzes Created
-
Created Quiz Play Count
-
More By This Creator
Popular Quizzes Today
1
Colored Red Africa Blitz
2
Find the US States - No Outlines Minefield
3
Find the 'City' Movie
4
5x2 Blitz: Bands
5
The Countries of the World
6
Find the US States
7
US States
8
Find the Countries of Europe - No Outlines Minefield
More Sports Quizzes
'E' to 'I' NBA Hall of Famers Box
Quiz Lab
Trending Quizzes
Colored Red Europe Blitz I
Colored Red Europe Blitz II
Colored Red Africa Blitz II
Colored Red Europe Blitz III
Colored Red Africa Blitz III
Recently Updated
How Do You Spell That?
pecheneg
Godzilla Movies
pecheneg
Grab Bag: 4-10 Letters
pecheneg
2024 March Madness Bracket
pecheneg
Famous TV Couples
Peacemaker
Champions League XIs: Real Madrid
pecheneg
Largest US Cities 1790-2010
pecheneg
Rides in Walt Disney World
pecheneg
Most Oscar Losses (Acting)
pecheneg
Beyoncé Albums
pecheneg
Trending Topics
Disney
Harry Potter
Crossword
Kpop
NBA
Anime
Marvel
Puzzle
NFL
WWE
Soccer
Pokémon
Song
Country
The Office
Your Account Isn't Verified!
In order to create a playlist on Sporcle, you need to verify the email address you used during registration. Go to your
Sporcle Settings
to finish the process.
Report this User
Report this user for behavior that violates our
Community Guidelines
.
Details:
Send Report
Go to the Sporcle.com Mobile Site →
Comments